ბათუმის შოთა რუსთაველის სახელმწიფო უნივერსიტეტის ბიბლიოთეკა

მუსიკა : (ბიბ.ჩანაწერი № 63201)

000 -ლიდერი
ფიქსირებული სიგრძის საკონტროლო ველი 01195nam a22002297a 4500
003 - საკონტროლო ნომრის იდენტიფიკატორი
საკონტროლო ველი Ge_BSU
005 - ბოლო ოპერაციის თარიღი და დრო
საკონტროლო ველი 20250625165021.0
008 - ფიქსირებული სიგრძის მონაცემთა ელემენტები - ზოგადი ინფორმაცია
ფიქსირებული სიგრძის საკონტროლო ველი 250625s2023 ge ||||| |||| 00| 0 geo d
020 ## - წიგნის საერთაშორისო სტანდარტული ნომერი
International Standard Book Number 9789941316333
041 ## - ენის კოდი
Language code of text/sound track or separate title geo
080 ## - უნივერსალური ათობითი კლასიფიკაციის ინდექსი
Universal Decimal Classification number 78(072) ჩ-59
100 ## - მთავარი ჩანაწერი - პიროვნების სახელი
Personal name ჩიკვაიძე, მ.
9 (RLIN) 25532
245 ## - ცნობა სათაურის შესახებ
Title მუსიკა :
Remainder of title 2 კლ. მასწავლებლის წიგნი /
Statement of responsibility, etc მ. ჩიკვაიძე, ლ. ანთიძე, ლ. იაშვილი; რედ. მ იანტბელიძე.
264 ## - წარმოების, გამოცემის, დისტრიბუციის და სხვა ცნობები
გამოცემის, წარმოების, დისტრიბუციის... ადგილი თბილისი :
გამოცემის, წარმოების, დისტრიბუციის... სახელწოდება ინტელექტი,
გამოცემის, წარმოების, დისტრიბუციის... თარიღი 2023.
300 ## - ფიზიკური აღწერა
Extent 116 გვ. :
Other physical details ილ.;
Dimensions 27 სმ.
500 ## - ზოგადი შენიშვნა
General note გრიფმინიჭებულია საქართველოს განათლებისა და მეცნიერების სამინისტროს მიერ 2023 წელს.
653 ## - INDEX TERM--UNCONTROLLED
Uncontrolled term მუსიკა
700 ## - ADDED ENTRY--PERSONAL NAME
Personal name ანთიძე, ლ.
Relator term ავტორი
9 (RLIN) 25533
700 ## - ADDED ENTRY--PERSONAL NAME
Personal name იაშვილი, ლ.
Relator term ავტორი
9 (RLIN) 25534
700 ## - ADDED ENTRY--PERSONAL NAME
Personal name იანტბელიძე, მ.
Relator term რედაქტორი
9 (RLIN) 25535
942 ## - ADDED ENTRY ELEMENTS (KOHA)
Source of classification or shelving scheme
Koha item type წიგნი
ეგზემპლარები
ჩამოწერის სტატუსი დაკარგული ეგზემპლარის სტატუსი კლასიფიკაციის წყარო ან თაროზე გაწყობის სქემა დაზიანების სტატუსი არ გაიცემა მუდმივი მდებარეობა (დაცვის ადგილი) ამჟამინდელი ადგილსამყოფელი თაროზე განთავსების ადგილი შეძენის თარიღი ღირებულება, შესყიდვის ნორმალური ფასი სრული შენახვის შიფრი შტრიხკოდი ბოლო ოპერაციის თარიღი ეგზემპლარის მიმდევრობითი ნომერი (კეტერი?) ფასის ძალაში შესვლის თარიღი ეგზემპლარის სახეობა საჯარო შენიშვნა
          ბათუმის შოთა რუსთაველის სახელმწიფო უნივერსიტეტის მთავარი ბიბლიოთეკა ბათუმის შოთა რუსთაველის სახელმწიფო უნივერსიტეტის მთავარი ბიბლიოთეკა წიგნსაცავი 2025-06-25 12.00 78(072) ჩ-59 71972 2025-06-25 71972 2025-06-25 წიგნი 12 ლ.